000 01192nam a2200253 i 4500
001 186970
003 SpMaBN
005 20250812000015.0
008 170316s1984 sp abf c |||| | spa d
020 _a84-505-1082-1
080 _a7.032.6/.7:069.538(460.27 M.)
110 2 _aMuseo Nacional de Reproducciones Artísticas (España)
_9151574
245 1 0 _aCatálogo del arte clásico /
_cpor Mª José Almagro Gorbea ; [han colaborado en... este catálogo, Marisa García Rodrigo, Pilar Perruca García del Pino ; fotografías, Archivo fotográfico del Museo].
260 _a[Madrid] :
_bMinisterio de Cultura, Dirección General de Bellas Artes y Archivos, Subdirección General de Museos,
_c[1984]
300 _a384 p. :
_bil., 1 mapa, fot. ;
_c24 cm.
500 _aÍndice.
504 _aBibliografía: p. 373-375.
610 2 4 _aMuseo Nacional de Reproducciones Artísticas (España)-
_vCatálogos.
_9152170
650 7 _aArte clásico-
_zMuseo Nacional de Reproducciones Artísticas (España)
_2
_9162097
700 1 _aAlmagro Gorbea, María José.
_920076
710 1 _aEspaña.
_bSubdirección General de Museos.
_93997
852 _aES-MaACL
_jL-31287
999 _c186970
_d186970